Music Quiz

Random Music or Rock Quiz
Score 0/7 Timer 02:00
0 Plays Today
% Correct
a midnight toker
88.8%
a joker
87.8%
a smoker
84.9%
a sinner
82.1%
a lover
76.7%
a grinner
68.6%
a picker
53.9%
Remove Ads.
Support Sporcle.
Get the best of Sporcle when you Go Orange. This ad-free experience offers more features, more stats, and more fun while also helping to support Sporcle. Thank you for becoming a member.

You're not logged in!

Compare scores with friends on all Sporcle quizzes.
OR
Log In

Show Comments

Extras

Top Quizzes Today


Score Distribution

Your Account Isn't Verified!

In order to create a playlist on Sporcle, you need to verify the email address you used during registration. Go to your Sporcle Settings to finish the process.

Report this User

Report this user for behavior that violates our Community Guidelines.

Details: